<?xml version="1.0" encoding="UTF-8"?>
<collection xmlns="http://www.loc.gov/MARC21/slim">
  <record>
    <leader>00000nam  2200000   4500</leader>
    <controlfield tag="001">INLIS000000000020378</controlfield>
    <controlfield tag="005">20250616032525</controlfield>
    <datafield tag="035" ind1="#" ind2="#">
      <subfield code="a">0010-0625000120</subfield>
    </datafield>
    <controlfield tag="007">ta</controlfield>
    <controlfield tag="008">250616################g##########0#ind##</controlfield>
    <datafield tag="020" ind1="#" ind2="#">
      <subfield code="a">978 602 14437 2 9</subfield>
    </datafield>
    <datafield tag="082" ind1="#" ind2="#">
      <subfield code="a">384.51</subfield>
    </datafield>
    <datafield tag="084" ind1="#" ind2="#">
      <subfield code="a">384.51 PEM</subfield>
    </datafield>
    <datafield tag="245" ind1="#" ind2="#">
      <subfield code="a">Pemanfaatan Penginderaan Jauh Satelit untuk Pemantauan Daerah Tangkapan Air dan Danau</subfield>
    </datafield>
    <datafield tag="250" ind1="#" ind2="#">
      <subfield code="a">Cetakan ke 1</subfield>
    </datafield>
    <datafield tag="260" ind1="#" ind2="#">
      <subfield code="a">Bogor :</subfield>
      <subfield code="b">Crestpent Press,</subfield>
      <subfield code="c">2014</subfield>
    </datafield>
    <datafield tag="300" ind1="#" ind2="#">
      <subfield code="a">124 halaman :</subfield>
      <subfield code="b">ilus ;</subfield>
      <subfield code="c">25 cm</subfield>
    </datafield>
    <datafield tag="500" ind1="#" ind2="#">
      <subfield code="a">Kemajuan teknologi penginderaan jauh satelit yang dapat menghasilkan data dan informasi yang realtime (up to date) dengan cakupan yang luas, dan historikal data yang baik, memungkinkan kita untuk berkontribusi dalam upaya pemantauan sumberdaya alam di wilayah Indonesia. Berkaitan dengan hal tersebut Pustfatja, telah melaksanakan kegiatan pemanfaatan penginderaan jauh satelit untuk memantau ekosistem danau, khususnya 15 danau prioritas dalam program pengelolaan dana prioritas tahun 2010-2014. Program tersebut telah dilaksanakan selama 3 tahun dari tahun 2011-2013, dan menghasilkan metode, serta tulisan ilmiah yang telah dipublikasi dalam beberapa jurnal, prosiding dan buku ilmiah.</subfield>
    </datafield>
    <datafield tag="990" ind1="#" ind2="#">
      <subfield code="a">151118011</subfield>
    </datafield>
  </record>
</collection>
